El niño y la escritura
Salvato in:
| Autore principale: | |
|---|---|
| Natura: | Libro |
| Lingua: | spagnolo |
| Pubblicazione: |
Veracruz
Universidad Veracruzana
1997
|
| Serie: | Textos Universitarios
|
| Soggetti: | |
| Tags: |
Aggiungi Tag
Nessun Tag, puoi essere il primo ad aggiungerne!!
|
MARC
| LEADER | 00000nam a2200000 a 4500 | ||
|---|---|---|---|
| 001 | UCL0195 | ||
| 003 | CL-VaPUC | ||
| 008 | 030627e19970000MX |||||||||||||||||spa|d | ||
| 082 | 0 | 4 | |a 372.634 |b VAC |2 21 |
| 100 | 0 | |a Vaca Uribe, Jorge |e author |9 477001 | |
| 245 | 1 | 3 | |a El niño y la escritura |
| 300 | |a 275 p | ||
| 942 | |c BK | ||
| 945 | |d 20030627 00:00:00 |a cmena | ||
| 260 | |a Veracruz |b Universidad Veracruzana |c 1997 | ||
| 650 | 0 | |a Enseñanza de la escritura |9 307377 | |
| 650 | 0 | |a Educación básica |9 224933 | |
| 650 | 0 | |a Métodos de enseñanza |9 270413 | |
| 583 | |a last modification |c 20030627 00:00:00 |k Rodrigo Vera | ||
| 490 | 0 | |a Textos Universitarios | |
| 999 | |c 304213 |d 304211 | ||
| 952 | |0 0 |1 0 |4 0 |6 372_634000000000000_VAC_1997 |7 0 |8 A |9 366115 |a BIBEDU |b BIBEDU |d 2019-11-21 |i 3918106 |o 372.634 VAC 1997 |p 3918106 |r 2019-11-21 |w 2019-11-21 |y BK |k EPE | ||